Statistics for Name the Pokemon Quiz - One minute Sprint

Click here to take the quiz!

General Stats

  • This quiz has been taken 622 times
  • The average score is 17 of 151

Answer Stats

#Pokemon% Correct
1Bulbasaur
81%
4Charmander
77%
6Charizard
71%
2Ivysaur
66%
7Squirtle
62%
5Charmeleon
56%
25Pikachu
52%
9Blastoise
51%
3Venusaur
49%
151Mew
47%
8Wartortle
46%
150Mewtwo
45%
26Raichu
32%
10Caterpie
30%
16Pidgey
29%
13Weedle
26%
11Metapod
23%
18Pidgeot
23%
15Beedrill
22%
144Articuno
21%
12Butterfree
21%
14Kakuna
21%
145Zapdos
21%
146Moltres
20%
19Rattata
20%
17Pidgeotto
17%
20Raticate
16%
147Dratini
13%
149Dragonite
12%
133Eevee
12%
24Arbok
11%
148Dragonair
11%
23Ekans
11%
89Muk
11%
94Gengar
10%
29Nidoran♀
10%
32Nidoran♂
10%
63Abra
9%
132Ditto
9%
95Onix
9%
143Snorlax
9%
100Voltorb
9%
92Gastly
8%
74Geodude
8%
124Jynx
8%
129Magikarp
8%
86Seel
8%
21Spearow
8%
65Alakazam
7%
101Electrode
7%
136Flareon
7%
64Kadabra
7%
126Magmar
7%
56Mankey
7%
52Meowth
7%
34Nidoking
7%
30Nidorina
7%
33Nidorino
7%
134Vaporeon
7%
87Dewgong
6%
50Diglett
6%
125Electabuzz
6%
22Fearow
6%
76Golem
6%
75Graveler
6%
88Grimer
6%
93Haunter
6%
135Jolteon
6%
131Lapras
6%
43Oddish
6%
27Sandshrew
6%
28Sandslash
6%
37Vulpix
6%
69Bellsprout
5%
51Dugtrio
5%
44Gloom
5%
130Gyarados
5%
97Hypno
5%
39Jigglypuff
5%
109Koffing
5%
31Nidoqueen
5%
38Ninetales
5%
53Persian
5%
127Pinsir
5%
77Ponyta
5%
123Scyther
5%
120Staryu
5%
128Tauros
5%
110Weezing
5%
41Zubat
5%
59Arcanine
4%
113Chansey
4%
36Clefable
4%
35Clefairy
4%
84Doduo
4%
42Golbat
4%
81Magnemite
4%
122Mr. Mime
4%
46Paras
4%
57Primeape
4%
54Psyduck
4%
78Rapidash
4%
112Rhydon
4%
90Shellder
4%
121Starmie
4%
48Venonat
4%
91Cloyster
3%
85Dodrio
3%
96Drowzee
3%
55Golduck
3%
58Growlithe
3%
140Kabuto
3%
141Kabutops
3%
111Rhyhorn
3%
45Vileplume
3%
40Wigglytuff
3%
142Aerodactyl
2%
104Cubone
2%
103Exeggutor
2%
83Farfetch'd
2%
118Goldeen
2%
106Hitmonlee
2%
99Kingler
2%
98Krabby
2%
108Lickitung
2%
68Machamp
2%
67Machoke
2%
66Machop
2%
82Magneton
2%
138Omanyte
2%
139Omastar
2%
47Parasect
2%
60Poliwag
2%
137Porygon
2%
119Seaking
2%
114Tangela
2%
73Tentacruel
2%
49Venomoth
2%
71Victreebel
2%
102Exeggcute
1%
107Hitmonchan
1%
116Horsea
1%
115Kangaskhan
1%
105Marowak
1%
61Poliwhirl
1%
62Poliwrath
1%
117Seadra
1%
80Slowbro
1%
79Slowpoke
1%
72Tentacool
1%
70Weepinbell
1%

Score Distribution

Percentile by Number Answered

Percent of People with Each Score

Your Score History

You have not taken this quiz